| 000 | 00656nam a2200217 a 4500 | ||
|---|---|---|---|
| 008 | 960514s1981||||[C 0 slo c | ||
| 020 |
_c9 Kčs. _q(5000 výtl.) |
||
| 040 |
_aSNK _bslo _cSNK _eAACR2 |
||
| 041 | 1 | _aslo | |
| 044 |
_axo _cSK |
||
| 080 | _a784.6:786.2.087.611 | ||
| 080 | _a786.2.087.611 | ||
| 245 | 1 | 0 |
_aPiesne šťatných detí _hHudobnina _bSpev a klavír ; Katarína Lapšanská |
| 250 | _a1., vyd. | ||
| 260 |
_aBratislava _bOpus [vyd.] _c1981 _eBratislava _fPolygrafické závody |
||
| 300 |
_a35 s. _c30 cm |
||
| 500 | _aZostavila Katarína Lapšanská. | ||
| 700 | 1 |
_aLapšanská, Katarína _4oth |
|
| 924 | _aklavír | ||
| 958 | _aH | ||
| 999 |
_c15190 _d15190 |
||